| 000 | 00446nam a2200097Ia 4500 | ||
|---|---|---|---|
| 008 | 180130s9999 xx 000 0 und d | ||
| 245 |
_cGueye, Soguy Mak kare; De Palma, Noel; Rutten, Eric; Tchana, Alain; Hagimont, Daniel _aDiscrete control for ensuring consistency between multiple autonomic managers |
||
| 260 | _c2016 | ||
| 300 | _aBook title: Cloud architecture and engineering--Acession number C20554; pages 36-49 | ||
| 650 | _aCLOUD ARCHITECTURE | ||
| 999 |
_c353834 _d353834 |
||